Manual de medios audiovisuales para la educación general basica / (Registro nro. 34646)
[ vista simple ]
| 000 -LEADER | |
|---|---|
| fixed length control field | 01721nam a2200301 4500 |
| 001 - CONTROL NUMBER | |
| control field | 0000016924 |
| 003 - CONTROL NUMBER IDENTIFIER | |
| control field | CO-CtgCURN |
| 005 - DATE AND TIME OF LATEST TRANSACTION | |
| control field | 20250429224007.0 |
| 007 - PHYSICAL DESCRIPTION FIXED FIELD--GENERAL INFORMATION | |
| fixed length control field | ta |
| 008 - FIXED-LENGTH DATA ELEMENTS--GENERAL INFORMATION | |
| fixed length control field | 160627s1972 000 0 eng d |
| 040 ## - CATALOGING SOURCE | |
| Original cataloging agency | CO-CtgCURN |
| Language of cataloging | spa |
| Transcribing agency | coctgcurn |
| 082 0# - DEWEY DECIMAL CLASSIFICATION NUMBER | |
| Classification number | 371.330 |
| Item number | G66m |
| 100 1# - MAIN ENTRY--PERSONAL NAME | |
| Personal name | Goodwin, Arthur B. |
| 245 10 - TITLE STATEMENT | |
| Title | Manual de medios audiovisuales para la educación general basica / |
| Statement of responsibility, etc. | Arthur B. Goodwin. |
| 260 ## - PUBLICATION, DISTRIBUTION, ETC. | |
| Place of publication, distribution, etc. | Madrid : |
| Name of publisher, distributor, etc. | Paraninfo, |
| Date of publication, distribution, etc. | 1972. |
| 300 ## - PHYSICAL DESCRIPTION | |
| Extent | 216 p. |
| 336 ## - CONTENT TYPE | |
| Source | rdacontent |
| 337 ## - MEDIA TYPE | |
| Source | rdamedia |
| Media type term | sin mediacion |
| Media type code | n |
| 338 ## - CARRIER TYPE | |
| Source | rdacarrier |
| Carrier type term | volumen |
| Carrier type code | nc |
| 490 1# - SERIES STATEMENT | |
| Series statement | Biblioteca de innovacion educativa. Serie 5 |
| 500 ## - GENERAL NOTE | |
| General note | Notas al pie del texto. |
| 504 ## - BIBLIOGRAPHY, ETC. NOTE | |
| Bibliography, etc. note | Bibliografia ( p. 209-211 ) |
| 505 8# - FORMATTED CONTENTS NOTE | |
| Formatted contents note | Como sacar el mayor provecho de cada dispositivo audiovisual.--Eficacia de la enseñanza de la lectura por medios audiovisuales.--Tecnicas audiovisuales para perfecciónar la expresion oral y escrita.--La ortografia y la instrucción audiovisual.--Metodos audiovisuales para la enseñanza de la caligrafia.--Empleo imaginativo de medios audiovisuales en el programa de estudios audiovisuales.--Nuevas aproximaciones audiovisuales a la enseñanza de las ciencias.--Nuevas modalidades audiovisuales para impartir una enseñanza mas eficaz de las artes.--El bibliotecario en la enseñanza escolar con medios multiples.--La educación fisica y las tecnicas audiovisuales.--Preparativos audiovisuales para excursiones y visitas cientifico escolares y empleo de recursos comunitarios |
| 650 14 - SUBJECT ADDED ENTRY--TOPICAL TERM | |
| Topical term or geographic name entry element | Enseñanza audiovisual |
| Form subdivision | Manuales. |
| 908 ## - PUT COMMAND PARAMETER (RLIN) | |
| Put command parameter | 160627 |
| 942 ## - ADDED ENTRY ELEMENTS (KOHA) | |
| Koha item type | Libros |
| Classification part | 371.330 |
| Item part | G66m |
| Source of classification or shelving scheme | Dewey Decimal Classification |
| Withdrawn status | Lost status | Source of classification or shelving scheme | Damaged status | Not for loan | Collection | Home library | Current library | Shelving location | Date acquired | Inventory number | Total checkouts | Full call number | Barcode | Date last seen | Price effective from | Koha item type | Public note |
|---|---|---|---|---|---|---|---|---|---|---|---|---|---|---|---|---|---|
| Dewey Decimal Classification | General | Miguel Henríquez Castañeda | Miguel Henríquez Castañeda | General | 04/29/2025 | 006673 | 371.330 G66m | 006673 | 04/29/2025 | 04/29/2025 | Libros | 370-EDUCAC |